000 00334nam a22001577a 4500
003 NUST
038 _aKhadija
082 _a355.02
_bCLA
100 _aClausewitz
_990635
245 _aOn War /
_cVon Clausewitz
250 _avol I
260 _alahore
_bcombine printers
_c1962
300 _ap314
563 _aHB
942 _2ddc
_cBK
999 _c588831
_d588831